El desarrollo forestal chileno: una realidad sustentable
Wedi'i Gadw mewn:
| Prif Awdur: | |
|---|---|
| Fformat: | Llyfr |
| Iaith: | Sbaeneg |
| Cyhoeddwyd: |
Santiago
Katia Berdichewsky Aranda
1990
|
| Pynciau: | |
| Tagiau: |
Ychwanegu Tag
Dim Tagiau, Byddwch y cyntaf i dagio'r cofnod hwn!
|
MARC
| LEADER | 00000nam a2200000 a 4500 | ||
|---|---|---|---|
| 001 | UCL5821 | ||
| 003 | CL-VaPUC | ||
| 008 | 040319e19900000CL |||||||||||||||||spa|d | ||
| 020 | |a 9567055032 | ||
| 082 | 0 | 4 | |a 333.75 |b CON |2 21 |
| 100 | 0 | |a Contesse González, Daniel |e author |9 483508 | |
| 245 | 1 | 3 | |a El desarrollo forestal chileno: una realidad sustentable |
| 246 | 1 | 3 | |a El sector forestal como usuario de recursos naturales y su relación con el medio ambiente y la ecología |
| 300 | |a 144 p | ||
| 942 | |c BK | ||
| 945 | |d 20040319 00:00:00 |a cmena | ||
| 260 | |a Santiago |b Katia Berdichewsky Aranda |c 1990 | ||
| 650 | 7 | |a INDUSTRIA FORESTAL |2 CL-VaPUC |9 320404 | |
| 650 | 7 | |a RECURSOS FORESTALES |2 CL-VaPUC |9 334317 | |
| 650 | 0 | |a Recursos naturales |9 255232 | |
| 650 | 7 | |a MANEJO SUSTENTABLE |2 CL-VaPUC |9 483509 | |
| 650 | 0 | |a Protección del medio ambiente |9 257626 | |
| 583 | |a last modification |c 20040319 00:00:00 |k Rodrigo Vera | ||
| 999 | |c 308207 |d 308205 | ||
| 952 | |0 0 |1 0 |4 0 |6 333_750000000000000_CON_1990 |7 0 |8 A |9 374536 |a BIBAGR |b BIBAGR |d 2019-11-21 |i 3994856 |o 333.75 CON 1990 |p 3994856 |r 2025-01-20 |w 2019-11-21 |y BK |k AGR | ||
| 952 | |0 0 |1 0 |4 0 |6 333_750000000000000_CON_1990 |7 0 |8 A |9 374538 |a BIBAGR |b BIBAGR |d 2019-11-21 |i 3995003 |o 333.75 CON 1990 |p 3995003 |r 2025-01-20 |w 2019-11-21 |y BK |k AGR | ||